| 000 | 00651nam0a22002411 4500 | ||
|---|---|---|---|
| 001 | rc\1007621 | ||
| 005 | 20250622074429.0 | ||
| 035 | _a(NLR Aleph) 006173424 | ||
| 090 |
_a5989017 _c5989017 |
||
| 100 | _a20041129d1981 |||y0rusy50 ca | ||
| 101 | 0 | _arus | |
| 102 | _aRU | ||
| 105 | _aa ||||||||| | ||
| 200 | 1 | _aВстать! Суд идет! | |
| 210 |
_aМ. _cЮрид. лит. _d1981 |
||
| 215 |
_a104 с. _cил. _d16 |
||
| 225 | 1 | _aНа страже закона | |
| 700 | 1 |
_aВирт _bМ.З. _gМихаил Захарьевич |
|
| 801 | 0 |
_aRU _bNLR _gpsbo |
|
| 801 | 1 |
_aRU _bELAR _2rusmarc |
|
| 852 |
_aNLR _j81-2/3155 |
||
| 942 | _cBOOK | ||
| 980 | _aNB | ||